Fundamentos de fisicoquímica
Guardat en:
| Autors principals: | , |
|---|---|
| Format: | Llibre |
| Idioma: | espanyol |
| Publicat: |
Ciudad de México
Limusa
1968
|
| Matèries: | |
| Etiquetes: |
Afegir etiqueta
Sense etiquetes, Sigues el primer a etiquetar aquest registre!
|
MARC
| LEADER | 00000nam a2200000 a 4500 | ||
|---|---|---|---|
| 001 | UCT4019 | ||
| 003 | CL-VaPUC | ||
| 008 | 961105e19680000MX |||||||||||||||||spa|d | ||
| 082 | 0 | 4 | |a 541.3 |b MAR |2 21 |
| 100 | |a Maron, Samuel H. |e autor |9 373108 | ||
| 700 | 0 | |a Prutton, Carl F |e author |9 373109 | |
| 245 | 1 | 0 | |a Fundamentos de fisicoquímica |
| 300 | |a 899 p | ||
| 942 | |c BK | ||
| 945 | |d 19961105 00:00:00 |a paguirre | ||
| 260 | |a Ciudad de México |b Limusa |c 1968 | ||
| 650 | 0 | |a Química física |9 260596 | |
| 650 | 0 | |a Estados de la Materia |9 347141 | |
| 650 | 0 | |a Gases |9 260945 | |
| 650 | 0 | |a Líquidos |9 260946 | |
| 650 | 0 | |a Termodinámica |9 259320 | |
| 650 | 0 | |a Termoquímica |9 337401 | |
| 650 | 7 | |a EQUILIBRIOS QUIMICOS |2 CL-VaPUC |9 336637 | |
| 650 | 0 | |a Cinética |9 260943 | |
| 650 | 0 | |a Reacciones químicas |9 259438 | |
| 650 | 0 | |a Coloides |9 259819 | |
| 583 | |a last modification |c 19961105 00:00:00 |k Rodrigo Vera | ||
| 999 | |c 253487 |d 253485 | ||
| 952 | |0 0 |1 0 |4 0 |6 541_300000000000000_MAR_1968 |7 0 |8 A |9 274363 |a BIBCUR |b BIBCUR |d 2019-11-19 |i 1784471 |l 3 |m 1 |o 541.3 MAR 1968 |p 1784471 |r 2025-04-22 |s 2023-11-20 |w 2019-11-19 |y BK |k QUI | ||